Culture générale 100 questions progressives (2) - Statistiques

Statistiques générales
  • Ce quiz a été pris 1 828 fois
    864 depuis la dernière actualisation
  • Le résultat moyen est 42 sur 100
Statistiques - réponses
% Question Réponse % Correct
1 Quel était le prénom du président Mitterrand ? François
98%
2 22 en lettres ? Vingt-deux
98%
5 Que boit une vache laitière ? Eau
92%
9 Sur quel continent la ville de Sydney ? Océanie
89%
23 De quelle couleur est Hulk ? Vert
87%
15 Quelle ville est surnommée La ville lumière ? Paris
86%
6 Quel est le numéro d'agent d'OSS ? 117
84%
30 Selon l'Académie française, Covid est féminin ou maculin ? Féminin
84%
27 Où se trouve une célèbre tour penchée en Italie ? Pise
84%
29 Quelle est la deuxième couleur après le blanc du drapeau monégasque ? Rouge
84%
44 Quelle est la couleur d'un vêtement pourpre ? Rouge
84%
26 Quelle sauce à la tomate est indissociable des hamburgers ? Ketchup
82%
40 Combien sont les petits cochons du conte ? 3
81%
4 Quelle est la capitale de la Turquie ? Ankara
81%
37 Quel fleuve coule à Lyon ? Rhône
77%
17 Qui a dit "Alea jacta est" Jules César
76%
68 Comment se prénommait M. Eiffel ? Gustave
74%
64 Quel fruit entre dans la composition de la tarte Tatin ? Pomme
74%
28 Quel département est voisin du Brésil ? Guyane
73%
20 Qui a écrit "Germinal" ? Emile Zola
72%
65 Quel président a été élu en France en 2002 ? Jacques Chirac
70%
33 Que signifie ONU? Organisation des Nations Unies
70%
95 Qui a élevé les jumeaux fondateurs de Rome ? (espèce) Louve
66%
32 124 en chiffre romains CXXIV
65%
67 De quelle couleur est la citrine ? Jaune
64%
8 Dans quel département se trouve Quimper ? Finistère
61%
62 Qui était Robert Kennedy pour John Kennedy ? Son... Frère
60%
11 Qui a repris Orléans aux Anglais en 1429 ? Jeanne d'Arc
60%
24 Comment se nomme la basilique qui domine Paris ? Sacré-Coeur
60%
18 Comment se nomme le premier empereur romain ? Auguste
56%
88 Quel animal le canis lupus familiaris ? Chien
55%
96 Que signifie "pain" en anglais ? Douleur
55%
43 Comment se nommaient les tours jumelles victimes d'un attentat en 2001 ? World trade center
55%
46 Où le président Kennedy a-t-il été assassiné en 1963 ? (ville) Dallas
54%
50 Quelle est la capitale du Qatar ? Doha
54%
22 Comment se nomme le camping des films de la série Camping Les flots bleus
54%
85 Quelle planète est la "jumelle de la terre" ? Vénus
54%
49 Avec quelle céréale fait-on la polenta ? Maïs
50%
13 Quel pays possède les Malouines ? Royaume-Uni
50%
47 Quel écrivain a été enterré à sa demande dans le corbillard des pauvres en 1885 ? Victor Hugo
48%
94 Combien de symphonies ont été écrites par Beethoven ? 9
47%
42 Quel était le prénom de Mussolini ? Benito
47%
89 Où serait inhumé l'apôtre Pierre ? (ville) Rome
47%
39 En quelle année est mort le général de Gaulle ? 1970
45%
31 Que signifie "camera" en anglais Appareil photo
45%
7 Que signifie le A concernant l'Ecole appelé ENA Administration
44%
19 Quel insecte est un monarque ? Papillon
44%
55 En italien, quel est le pluriel de scenario ? Scenarii
42%
77 Quels élus siègent au Palais Bourbon ? Députés
41%
84 Comment se prénomme l'amante de Vérone ? Juliette
39%
90 En quelle année Bonaparte arrive-t-il au pouvoir en France ? 1799
38%
69 Qui chantait "Le plat pays" en 1962 ? Jacques Brel
38%
52 De quelle nationalité était Charlie Chaplin ? Britannique | Anglaise
37%
12 Quel était le prénom de M. Zitrone ? Léon
37%
38 Quelle département français est le plus peuplé ? Nord
37%
80 Qui est le chanteur des Rolling Stones ? Mick Jagger
36%
98 Quel est cette date ? XXIX XI MCMXCVIII (mois en lettres) 29 novembre 1998
35%
58 Quel saint protégerait les amoureux ? Valentin
35%
16 Qui a découvert la pénicilline ? Alexander Fleming
33%
35 De quelle langue vient le mot "café" Arabe
33%
87 Dans quel pays se trouve le Paris de Wim Wenders ? Etats-Unis
31%
3 Qu'est ce qui se trouve 57 rue de Varenne ? Hôtel Matignon | Matignon
31%
10 Où a été trouvée la venus manchotte du Louvre ? Milo
30%
63 Quel est le titre du chef d'état du Bhoutan ? Roi
30%
21 Dans quel département se trouve Limoges ? Haute-Vienne
26%
25 Conjuguer "chanter" à la 3e personne du pluriel du subjonctif imparfait ? Ils/elles Chantassent
25%
78 Quelle eau avait pour slogan "Ca va fort' ? Saint-Yorre
25%
92 En quelle année a été créée la chaine La Cinq ? 1986
24%
79 Quel département français porte le nom d'un cours d'eau qui n'y passe pas ? Var
24%
61 Dans quel département se trouve le viaduc de Millau ? Aveyron
23%
75 Quelle ville de France est restée anglaise jusqu'en 1558 ? Calais
22%
14 Qui était la déesse de la sagesse chez les Romains ? Minerve
22%
66 Quelle fonction a occupé Eugène Poubelle qui a donné son nom à nos récipients à ordures ? Préfet
22%
70 Quels religieux suivent la règle de St Benoît ? Bénédictin
21%
59 Dans quel pays se trouve Bois-le-Duc ? Pays-Bas
21%
73 Où se trouve le célèbre quartier de la Petite France ? Strasbourg
21%
34 Qui règne en Belgique en août 2023 ? Philippe
20%
45 Quel animal, à part le bélier, blatère ? Chameau
19%
51 Qui a chanté Ignace ? Fernandel
17%
48 Quelle nationalité possède Stéphane Bern en plus de la française ? Luxembourgeoise
17%
41 Qui a traversé l'Atlantique en avion le premier Charles Lindbergh
16%
86 Dans quel département se trouve le site de Cro-Magnon qui a donné son nom à un type d'hominidé ? Dordogne
16%
57 Comment se nomme l'ancienne capitale du Belize ? Belize
12%
36 Qui a écrit L'Aiguille Creuse ? Maurice Leblanc
12%
71 Quel race de chien est utilisée au sauvetage en mer ? Terre-neuve
12%
91 Dans quel département se trouve Château-Chinon ? Nièvre
10%
72 Dans quel département se trouve la basilique de Vézelay ? Yonne
10%
53 Que sont Napoléon et Montmorency chez le primeur ? Cerises
9%
93 Qui est aimée par Abélard ? Héloïse
9%
56 Quel est l'ancien nom du Bénin ? Dahomey
8%
76 A quelle Compagnie appartenait le pape François avant d'être élu ? La Compagnie de.. Jésus
7%
81 Quel est le prénom du prix Nobel de physique français nommé "de Gennes" ? Pierre-Gilles
7%
99 Qui est mort le 16 août 1977 ? Elvis Presley
6%
97 Quel était le prénom de M. Bienvenüe créateur du métro parisien ? Fulgence
6%
83 Comment se nomme la compagne de Bambi ? Féline
5%
82 Quel est le sigle anglais de l'OPEP ? OPEC
4%
54 Comment les Anglais appellent-ils le Pas-de-Calais Channel
3%
60 Dans quelle ville se trouve la plus grande basilique d'Europe ? Lourdes
3%
100 Qui a créé en France la chanson "Quand Madelon" connue sous le nom de "La Madelon" ? Bach
1%
74 D'où vient le bourreau qui exécute Milady dans les Trois mousquetaires ? Béthune
1%
Aucun quiz correspondant
Distribution des résultats
% des personnes avec chaque résultat
Percentile par nombre de réponses
Votre historique - résultats
Vous n’avez pas pris ce quiz depuis la dernière actualisation